Thơ Thăng Long - Hà Nội qua Hà Thành thi sao

Salvato in:
Dettagli Bibliografici
Autore principale: Đỗ, Thị Hảo
Natura: Libro
Lingua:Undetermined
Pubblicazione: Hà Nội Nxb. Hà Nội 2019
Soggetti:
Tags: Aggiungi Tag
Nessun Tag, puoi essere il primo ad aggiungerne! !
Thư viện lưu trữ: Trung tâm Học liệu Trường Đại học Cần Thơ
LEADER 00556nam a2200181Ia 4500
001 CTU_239844
008 210402s9999 xx 000 0 und d
082 |a 895.9221008 
082 |b H108 
100 |a Đỗ, Thị Hảo 
245 0 |a Thơ Thăng Long - Hà Nội qua Hà Thành thi sao 
245 0 |c Đỗ Thị Hảo (Chủ biên) 
260 |a Hà Nội 
260 |b Nxb. Hà Nội 
260 |c 2019 
650 |a Thơ Việt Nam,Vietnamese poetry 
910 |b nthai 
980 |a Trung tâm Học liệu Trường Đại học Cần Thơ